Word Ladder: No Problem Quiz Stats

 Plays Quiz Updated Nov 2, 2012

Support Sporcle.
Go Orange.
Score 0/17 Timer 01:30
0 Plays Today
Clue Ladder % Correct
A female lion lacks oneMANE
92.4%
Gun soundBANG
90.7%
Extract oreMINE
87.9%
Green stoneJADE
85.6%
Out of the wombBORN
85.4%
'Ali ____ and the 40 Thieves'BABA
84.8%
EarnedMADE
83.6%
Former NBA star YaoMING
82.6%
Will Smith's wifeJADA
81.3%
Clue Ladder % Correct
Something you may say upon completing this ladder, with [rung 1]+[rung 11]+[rung 17]✔BING
73.5%
Bounty Hunter ____ FettBOBA
71%
Tora ____, Taliban strongholdBORA
67.8%
Something you may say upon completing this ladder, with [rung 4]+[rung 11]+[rung 17]✔BADA
65.9%
Something you may say upon completing this ladder, with [rung 1]+[rung 4]+[rung 17]✔BADA
65.9%
'Munich' star EricBANA
63%
Something you may say upon completing this ladder, with [rung 1]+[rung 4]+[rung 11]✔BOOM
57.3%
BlessingBOON
53%

Today's Daily Dose

Missing Word
Inventors

Word Ladder
Feud Chain

Get the Picture
Domestic Movie Titles

From the Vault

'F' Countries

by bleedblue552

Geography 30s
Good thing none of these countries have long names.
Remove Ads.
Support Sporcle.
Get the best of Sporcle when you Go Orange. This ad-free experience offers more features, more stats, and more fun while also helping to support Sporcle. Thank you for becoming a member.

Show Comments

Extras

Top Quizzes Today


Score Distribution

Your Account Isn't Verified!

In order to create a playlist on Sporcle, you need to verify the email address you used during registration. Go to your Sporcle Settings to finish the process.

Report this User

Report this user for behavior that violates our Community Guidelines.

Details: